[Event "12th Lichtenberger Sommer"]
[Site "Berlin GER"]
[Date "2013.08.20"]
[Round "4.82"]
[White "Korb,Viktor"]
[Black "Bender,Se2"]
[Result "1-0"]
[WhiteElo "1691"]
[BlackElo "1921"]

1.e4 d6 2.d4 Nf6 3.Nc3 e5 4.d5 g6 5.Bg5 Bg7 6.Bd3 Nbd7 7.Nge2 h6 8.Bh4 O-O
9.Qd2 c5 10.O-O a6 11.f3 b5 12.b3 Qc7 13.Nc1 Nh5 14.Nd1 g5 15.Be1 f5 16.Qa5 Nb6
17.Rb1 b4 18.a3 Nxd5 19.axb4 Qxa5 20.bxa5 Ne7 21.Bc4+ Kh7 22.Nc3 Bb7 23.exf5 Nf4
24.g3 Nh3+ 25.Kg2 g4 26.Bd3 Nxf5 27.Bd2 Kh8 28.Be4 Bxe4 29.Nxe4 h5 30.c3 Rad8
31.Nd3 Ne7 32.fxg4 hxg4 33.Rxf8+ Bxf8 34.Nf6 Bg7 35.Nxg4 e4 36.Ne1 Nd5 37.Kxh3 Nxc3
38.Rc1 Ne2 39.Rc4 Re8 40.Ne3 Nd4 41.b4 Nb3 42.Bc3 Bd4 43.bxc5 dxc5 44.Bxd4+ cxd4
45.N3c2 d3 46.Ne3 Nxa5 47.Ra4 Re5 48.Kg4 Nb3 49.Rxa6 Nd2 50.Rd6 Kg7 51.Kf4 Rh5
52.h4 Ra5 53.g4 Ra1 54.Nxd3 exd3 55.Rxd3 Ra4+ 56.Kf5 Ne4 57.Rd7+ Kf8 58.h5 Ng3+
59.Ke6 Re4+ 60.Kf6 Ke8 61.Rd3 Re7 62.h6 Ne4+ 63.Kg6 Re6+ 64.Kf5 Nf2 65.Kxe6 Nxd3
66.h7  1-0

[Event "22nd Feffernitz Open 2013"]
[Site "Feffernitz GER"]
[Date "2013.08.20"]
[Round "4.9"]
[White "Praznik,A"]
[Black "Hefner,Felix"]
[Result "1-0"]
[WhiteElo "2154"]
[BlackElo "1923"]

1.e4 d6 2.d4 Nf6 3.Nc3 e5 4.dxe5 dxe5 5.Qxd8+ Kxd8 6.Bg5 Nd7 7.O-O-O Bd6
8.Bc4 Ke7 9.Nd5+ Ke8 10.f3 Nxd5 11.Bxd5 f6 12.Be3 Bc5 13.Rd3 Bxe3+ 14.Rxe3 Nb6
15.Bb3 Ke7 16.Ne2 Be6 17.Rc3 c6 18.a4 Bxb3 19.Rxb3 Rab8 20.a5 Na4 21.Rb4 Nc5
22.Rc4 Na6 23.Rd1 Rhd8 24.Rd3 Rxd3 25.cxd3 Rd8 26.d4 exd4 27.Nxd4 Rd7 28.b4 Nc7
29.Kc2 a6 30.Nf5+ Kf7 31.Rd4 Rxd4 32.Nxd4 g6 33.Kd3 Ke7 34.Nb3 Ne6 35.Kc4 Kd6
36.Nd4 Nf8 37.f4 Nd7 38.Nb3 b6 39.axb6 Nxb6+ 40.Kd4 Nd7 41.Nc5 Nf8 42.g3 h6
43.Nxa6 Ne6+ 44.Kc4 g5 45.f5 Nd8 46.Nc5 Nf7 47.Nd3 Nd8 48.g4 Nf7 49.Kd4 Kc7
50.e5 fxe5+ 51.Nxe5 Nd6 52.f6  1-0

[Event "TCh-ESP CECLUB Div1Gp1 2013"]
[Site "Linares ESP"]
[Date "2013.08.20"]
[Round "2.3"]
[White "Cucarella Montell,A"]
[Black "Gallardo Fernandez,C"]
[Result "0-1"]
[WhiteElo "1996"]
[BlackElo "2240"]

1.e4 d6 2.d4 Nf6 3.Nc3 c6 4.Nge2 Qa5 5.Qd3 Na6 6.Ng3 e5 7.Be3 Ng4 8.Be2 Nb4
9.Qd2 Nxe3 10.fxe3 g6 11.O-O Bh6 12.a3 Na6 13.Bc4 O-O 14.Rf6 exd4 15.Qxd4 Bg7
16.Qxd6 Bxf6 17.Qxf6 Qc5 18.Bb3 Be6 19.Kh1 Rae8 20.Nd5 Bg4 21.Qg5 cxd5 22.Qxg4 dxe4
23.Nxe4 Qe5 24.Ng5 Nc5 25.Qh4 Qg7 26.Bd5 h6 27.Nf3 b6 28.Re1 g5 29.Qh5 Ne4
30.Bb3 Nf6  0-1

[Event "18th Konik Morski"]
[Site "Rewal POL"]
[Date "2013.08.20"]
[Round "1.5"]
[White "Voloshin,L"]
[Black "Czyz,Ar"]
[Result "1/2-1/2"]
[WhiteElo "2420"]
[BlackElo "2042"]

1.d4 Nf6 2.Nc3 d6 3.e4 e5 4.Nf3 exd4 5.Nxd4 Be7 6.g3 O-O 7.Bg2 Re8 8.O-O Na6
9.h3 Nc5 10.g4 c6 11.g5 Nfd7 12.Nf5 Bxg5 13.f4 Be7 14.Nxd6 Bxd6 15.Qxd6 Qb6
16.Qd4 Nf6 17.e5 Rd8 18.Qf2 Ne8 19.Rb1 Na6 20.Be3 Qc7 21.b4 Bf5 22.Bxa7 Qd7
23.Bb6 Rdc8 24.Kh2 Nac7 25.Rbd1 Qe6 26.a4 Nd5 27.Nxd5 cxd5 28.Rd2 Rxa4 29.Bxd5 Qh6
30.Bg2 Rxb4 31.Bd4 Rbc4 32.c3 b5 33.Rb2 Nc7 34.Rd1 g6 35.Rdd2 Ne6 36.Bf1 Nxd4
37.cxd4  1/2-1/2

[Event "18th Vienna Open 2013"]
[Site "Vienna AUT"]
[Date "2013.08.20"]
[Round "4.18"]
[White "Fuchs,G"]
[Black "Kostic,VG"]
[Result "0-1"]
[WhiteElo "2241"]
[BlackElo "2430"]

1.e4 d6 2.d4 Nf6 3.Nc3 e5 4.Nf3 exd4 5.Nxd4 Be7 6.Be2 O-O 7.O-O a6 8.a4 c5
9.Nb3 Be6 10.f4 Nc6 11.Be3 Nb4 12.Bf3 Qc8 13.Nd5 Nfxd5 14.exd5 Bf5 15.Rf2 Re8
16.Bc1 Bf6 17.g4 c4 18.Na5 Nxc2 19.Bd2 Bd3 20.Rc1 Bd4 21.Rxc2 Bxc2 22.Qxc2 Bxf2+
23.Kxf2 Qc5+ 24.Kg2 Rac8 25.Nxb7 Qb6 26.Na5 c3 27.Nc6 cxb2 28.Qb1 Qb3 29.Nd4 Qa3
30.Be4 Rc1 31.Bxh7+ Kh8  0-1

[Event "18th Vienna Open 2013"]
[Site "Vienna AUT"]
[Date "2013.08.20"]
[Round "4.2"]
[White "Fier,A"]
[Black "Broekmeulen,Ja"]
[Result "1/2-1/2"]
[WhiteElo "2595"]
[BlackElo "2428"]

1.e4 d6 2.d4 Nf6 3.Nc3 Nbd7 4.Nf3 e5 5.Bc4 Be7 6.O-O O-O 7.Re1 c6 8.a4 b6
9.Ba2 a6 10.dxe5 Nxe5 11.Nd4 Qc7 12.f4 Ng6 13.Nf5 Re8 14.Nxe7+ Qxe7 15.Be3 Ng4
16.Qd2 Nxe3 17.Qxe3 Be6 18.Bb1 Qh4 19.Rf1 f5 20.Qxb6 Nxf4 21.Qf2 Qxf2+ 22.Rxf2 g5
23.h4 h6 24.Kh2 Rf8 25.hxg5 hxg5 26.Ba2 Bxa2 27.Rxa2 Kg7 28.Ra1 Rae8 29.Re1 Re6
30.Rff1 Rh6+ 31.Kg1 Rfh8 32.exf5 Rh2 33.Rxf4 gxf4 34.Kf2 Kf6 35.Ne4+ Kxf5
36.Nxd6+ Kg4 37.Nf7 Rg8 38.Re4 Kh5 39.Rxf4 Rgxg2+ 40.Ke3 Rxc2 41.Ne5 Rxb2
42.Nxc6 Ra2 43.Rb4 Rhc2 44.Na5 Ra3+ 45.Kd4 Rg3 46.Rc4 Rb2 47.Nc6 Rg4+ 48.Kc5 Rg5+
49.Kd6 Kg6 50.Kc7 Kf6 51.Rb4 Rxb4 52.Nxb4 Ra5 53.Kb6 Rxa4 54.Nxa6 Rxa6+ 55.Kxa6  1/2-1/2

[Event "12th Lichtenberger Sommer"]
[Site "Berlin GER"]
[Date "2013.08.21"]
[Round "5.92"]
[White "Schueler,W"]
[Black "Duric,R"]
[Result "1/2-1/2"]
[WhiteElo "1880"]
[BlackElo "1737"]

1.e4 d6 2.d4 Nf6 3.Nc3 c6 4.Nf3 Nbd7 5.Bd3 e5 6.O-O Be7 7.dxe5 dxe5 8.a3 O-O
9.Qe2 Qc7 10.Rd1 Nc5 11.Bc4 Be6 12.b4 Bxc4 13.Qxc4 Ne6 14.a4 Rad8 15.Be3 Qb8
16.b5 Rxd1+ 17.Rxd1 cxb5 18.axb5 Rc8 19.Qb3 Bc5 20.Bxc5 Nxc5 21.Qb4 h6 22.Nd5 Nxd5
23.exd5 e4 24.Nd4 Qe5 25.Nc6 Qd6 26.Nxa7 Ra8 27.b6 Re8 28.Nb5 Qxb6 29.d6 Nd7
30.Qc4 Qc6 31.Qxc6 bxc6 32.Nd4 c5 33.Nf5 Re5 34.Ne3 f5 35.Nc4 Re8 36.Kf1 Kf7
37.Ke2 Ke6 38.Ke3 Ne5 39.Nb6 g5 40.Rd5 Nc4+ 41.Nxc4 Kxd5 42.d7 Rd8 43.Nb6+ Kc6
44.Nc4 Kb5 45.Ne5 Kb6 46.h4 Kc7 47.hxg5 hxg5 48.Nf7 Rxd7 49.Nxg5 Kd6 50.Kf4 Ke7
51.Kxf5 Rd2 52.Nxe4 Rxc2 53.Ke5 c4 54.Kd4 Ke6 55.g4 Rc1 56.f4 Kf7 57.f5 c3
58.Nxc3 Rg1 59.Ke5 Rxg4 60.Ne4 Rg1  1/2-1/2

[Event "33rd Bratto Open"]
[Site "Bratto ITA"]
[Date "2013.08.21"]
[Round "5.6"]
[White "Ducarmon,Q"]
[Black "Janev,E"]
[Result "1/2-1/2"]
[WhiteElo "2438"]
[BlackElo "2451"]

1.e4 d6 2.d4 Nf6 3.Nc3 e5 4.Nf3 Nbd7 5.Bc4 Be7 6.O-O O-O 7.a4 exd4 8.Nxd4 Nb6
9.Be2 a5 10.Bf4 c6 11.Qd3 d5 12.e5 Ne8 13.b3 Nc7 14.Rad1 Ne6 15.Nxe6 Bxe6
16.Qg3 Bh4 17.Qe3 Nd7 18.Bg3 Be7 19.Bd3 Bc5 20.Qf3 Re8 21.Qh5 g6 22.Qh6 Qb6
23.Qg5 Bf8 24.h3 Bg7 25.Rfe1 Rad8 26.Ne2 h6 27.Qh4 Nxe5 28.Bxe5 Bxe5 29.Qxh6 Qb4
30.f4 Bg7 31.Qg5 Bc8 32.f5 gxf5 33.Rf1 Rd6 34.Nf4 Kf8 35.Bxf5 Bxf5 36.Qxf5 Rf6
37.Qg5 Qd6 38.Nh5 Rg6 39.Qf5 Qe6 40.Qxe6 Rgxe6 41.Nxg7 Kxg7 42.Rd4 Re3 43.Rg4+ Kf8
44.Rgf4 R8e7 45.R1f2 b6 46.Rf6 Rc7 47.h4 Re5 48.g3 d4 49.Rd6 Re4 50.Rd2 c5
51.Rxb6 c4 52.Kf2 Kg7 53.Rd6 cxb3 54.cxb3 Re3 55.R6xd4 Rxb3 56.Rd5 Rcc3 57.g4 Rb4
58.Rxa5  1/2-1/2

[Event "24th Porto San Giorgio Open"]
[Site "Porto San Giorgio ITA"]
[Date "2013.08.21"]
[Round "1.3"]
[White "Mosca,L"]
[Black "Dvirnyy,D"]
[Result "0-1"]
[WhiteElo "2115"]
[BlackElo "2549"]

1.e4 d6 2.d4 Nf6 3.Nc3 e5 4.dxe5 dxe5 5.Qxd8+ Kxd8 6.Bc4 Be6 7.Bxe6 fxe6
8.Nf3 Bd6 9.Bg5 Nc6 10.O-O-O Ke7 11.Bh4 a6 12.Nd2 b5 13.f3 Rhb8 14.Rhf1 h6
15.Bf2 Nd7 16.Be3 Nb6 17.g3 b4 18.Ne2 a5 19.f4 a4 20.Bxb6 cxb6 21.Nc4 Bc7
22.fxe5 Bxe5 23.Nf4 Bxf4+ 24.Rxf4 b5 25.Nd6 Ne5 26.Rf2 Ra6 27.Rfd2 Rc6 28.Kb1 Rbb6  0-1

[Event "24th Porto San Giorgio Open"]
[Site "Porto San Giorgio ITA"]
[Date "2013.08.21"]
[Round "1.12"]
[White "Bonafede,A"]
[Black "Beccaris,G"]
[Result "1-0"]
[WhiteElo "2380"]
[BlackElo "2049"]

1.e4 d6 2.d4 Nf6 3.Nc3 e5 4.Nf3 Nbd7 5.Bc4 Be7 6.O-O O-O 7.a4 c6 8.Re1 exd4
9.Qxd4 Qb6 10.Qd1 Ne5 11.Nxe5 dxe5 12.h3 Bc5 13.Qf3 Be6 14.a5 Qc7 15.Bd3 Bb4
16.a6 b5 17.Bd2 Bc5 18.b4 Bd4 19.Ra3 Rad8 20.Ne2 Bb6 21.Bg5 Qe7 22.Ng3 Qxb4
23.Raa1 Rd7 24.Bxf6 gxf6 25.Nh5 Rfd8 26.Nxf6+ Kf8 27.Nxh7+ Ke7 28.Red1 Rd4
29.Qf6+ Kd6 30.Ng5 Kc7 31.Qxe5+ Qd6 32.Qf6 Qf8 33.Qxe6 fxe6 34.Nxe6+ Kd7
35.Nxf8+ Rxf8 36.Rf1 Rd6 37.Rad1  1-0

[Event "12th Lichtenberger Sommer"]
[Site "Berlin GER"]
[Date "2013.08.22"]
[Round "6.40"]
[White "Noetzel,Fe"]
[Black "Mc Aleenan,C"]
[Result "1-0"]
[WhiteElo "2076"]
[BlackElo "1782"]

1.e4 d6 2.d4 Nf6 3.Nc3 c6 4.f4 Qa5 5.Bd3 e5 6.Nf3 Nbd7 7.O-O Be7 8.Ne2 b5
9.c3 a6 10.h3 Qc7 11.Be3 c5 12.Ng3 g6 13.Qe2 Bb7 14.fxe5 dxe5 15.dxe5 Nxe5
16.Nxe5 Qxe5 17.Bxb5+ axb5 18.Qxb5+ Kf8 19.Qxb7 Rb8 20.Bf4 Qxf4 21.Qxe7+ Kxe7
22.Rxf4 Rxb2 23.Raf1  1-0

[Event "12th Lichtenberger Sommer"]
[Site "Berlin GER"]
[Date "2013.08.22"]
[Round "6.26"]
[White "Bertram,J"]
[Black "Cusnariov,N"]
[Result "0-1"]
[WhiteElo "1971"]
[BlackElo "2154"]

1.e4 d6 2.d4 Nf6 3.Nc3 c6 4.Bd3 e5 5.Nf3 Qc7 6.a4 Bg4 7.dxe5 dxe5 8.O-O Be7
9.Qe2 O-O 10.Nd1 Nbd7 11.c3 Nc5 12.Bc2 Ne6 13.h3 Bh5 14.g4 Bg6 15.Nxe5 Qxe5
16.f4 Bc5+ 17.Kh2 Qc7 18.b4 Be7 19.Kh1 Rfe8 20.f5 Bd6 21.fxg6 hxg6 22.Bb3 Re7
23.Nb2 Nf8 24.Qf3 Nxe4 25.Kg2 Rae8 26.Bf4 Bxf4 27.Qxf4 Qxf4 28.Rxf4 g5 29.Rf5 g6
30.Rff1 Nd2 31.Bxf7+ Rxf7 32.Rxf7 Kxf7 33.Rd1 Re2+  0-1

[Event "Brasschaat Open 2013"]
[Site "Brasschaat BEL"]
[Date "2013.08.22"]
[Round "6.11"]
[White "Janssen,D"]
[Black "Colijn,S"]
[Result "0-1"]
[WhiteElo "1932"]
[BlackElo "2276"]

1.e4 d6 2.d4 Nf6 3.Nc3 c6 4.Nf3 Bg4 5.h3 Bh5 6.Be2 e6 7.Bg5 Be7 8.Qd2 Bxf3
9.Bxf3 d5 10.e5 Nfd7 11.Bxe7 Qxe7 12.O-O a6 13.Ne2 O-O 14.Rfe1 Nb6 15.b3 a5
16.Nf4 Qg5 17.g3 N8d7 18.Rad1 Rfe8 19.h4 Qh6 20.a4 Nf8 21.Qd3 Nbd7 22.Kg2 f6
23.exf6 gxf6 24.Nh5 e5 25.dxe5 fxe5 26.Qd2 Qxd2 27.Rxd2 Kf7 28.Rde2 Ng6 29.Re3 Nc5
30.Kh3 Rad8 31.Bd1 e4 32.c3 Re5 33.Nf4 Nxf4+ 34.gxf4 Rf5 35.Rg3 Nd3 36.Reg1 Nxf2+
37.Kh2 Nxd1  0-1

[Event "Brasschaat Open 2013"]
[Site "Brasschaat BEL"]
[Date "2013.08.22"]
[Round "6.20"]
[White "Beniest,Rene"]
[Black "Remijsen,D"]
[Result "1-0"]
[WhiteElo "2138"]
[BlackElo "1799"]

1.d4 d6 2.e4 Nf6 3.Nc3 c6 4.Bd3 g6 5.Bg5 Bg7 6.Nf3 Bg4 7.Qd2 Qa5 8.O-O-O Nbd7
9.Rhe1 Bxf3 10.gxf3 O-O-O 11.Bc4 e6 12.d5 cxd5 13.exd5 e5 14.Kb1 Kb8 15.Nb5 Qxd2
16.Rxd2 Nb6 17.Bb3 a6 18.Nc3 Rc8 19.f4 Nh5 20.Ne4 f6 21.Nxd6 fxg5 22.Nxc8 Kxc8
23.fxe5 Nf4 24.e6 Rd8 25.d6  1-0

[Event "4th Sarkany-Aranytiz IM"]
[Site "Budapest HUN"]
[Date "2013.08.22"]
[Round "6"]
[White "Koczo,K"]
[Black "Ianov,V"]
[Result "1/2-1/2"]
[WhiteElo "2282"]
[BlackElo "2314"]

1.d4 d6 2.e4 Nf6 3.Nc3 e5 4.dxe5 dxe5 5.Qxd8+ Kxd8 6.Bc4 Ke8 7.Nf3 Bd6 8.Bg5 Nbd7
9.O-O-O a6 10.Rhe1 h6 11.Bh4 Rb8 12.Nd5 b5 13.Nxf6+ Nxf6 14.Bxf6 gxf6 15.Bd5 Rg8
16.Nh4 Be6 17.f3 Ke7 18.g4 h5 19.h3 hxg4 20.hxg4 Bc5 21.Rh1 Be3+ 22.Kb1 Rbd8
23.Nf5+ Bxf5 24.exf5 Rh8 25.Rxh8 Rxh8 26.Bc6 Rd8 27.Rxd8 Kxd8 28.c3 Ke7 29.Bd5 a5
30.Kc2 Kd6 31.Bxf7 Kc5 32.Kd3 Bc1 33.b3 b4  1/2-1/2

[Event "21st Troya Open 2013"]
[Site "Canakkale TUR"]
[Date "2013.08.22"]
[Round "7.18"]
[White "Kalinaga,A"]
[Black "Demirbag,Alihan"]
[Result "0-1"]
[WhiteElo "2130"]
[BlackElo "1734"]

1.d4 d6 2.e4 Nf6 3.Nc3 Nbd7 4.Be3 c6 5.f3 Qc7 6.Qd2 e5 7.Bc4 Be7 8.Nge2 a5
9.a4 O-O 10.O-O Re8 11.Kh1 exd4 12.Nxd4 Nc5 13.Rad1 Bd7 14.Nb3 Nxb3 15.Bxb3 Be6
16.Qf2 Nd7 17.Ba2 Rad8 18.f4 Bxa2 19.Nxa2 Nc5 20.Bxc5 dxc5 21.Rxd8 Rxd8 22.Nc3 Rd4
23.g3 Qd7 24.Re1 c4 25.f5 Bc5 26.Qf3 Rd2 27.Re2 Qd4 28.Kg2 Qg1+ 29.Kh3 Rd6
30.Kg4 Qd4 31.h4 Bb4 32.Qf4 Bxc3 33.bxc3 Qd1 34.Qf3 Rd2 35.Rxd2 h5+ 36.Kf4 Qxd2+
37.Ke5 Qxc2 38.Qe3 Qd3 39.Kf4 Qxe3+ 40.Kxe3 b5 41.Kd4 Kf8 42.Kc5 bxa4 43.Kxc4 f6
44.Kd4 Ke7 45.c4 c5+ 46.Kc3 Kd6 47.Kb2 Ke5 48.Ka3 Kxe4 49.Kxa4 Kd4 50.Kxa5 Kxc4
51.Kb6 Kd4 52.Kc6 c4 53.Kd6 c3 54.Ke7 c2 55.Kf7 c1=Q 56.Kxg7 Ke5 57.Kg6 Qd1  0-1

[Event "21st Troya Open 2013"]
[Site "Canakkale TUR"]
[Date "2013.08.22"]
[Round "7.9"]
[White "Choladze,M"]
[Black "Yurtseven,M"]
[Result "0-1"]
[WhiteElo "1936"]
[BlackElo "2244"]

1.e4 d6 2.d4 Nf6 3.Nc3 e5 4.Nf3 Nbd7 5.Bc4 Be7 6.O-O O-O 7.Be3 c6 8.a4 h6
9.Qe2 Re8 10.Rfd1 Qc7 11.dxe5 dxe5 12.Nd2 Nf8 13.f3 Be6 14.Qf2 b6 15.Bb3 N6d7
16.Nc4 Bc5 17.Ne2 Red8 18.Ng3 g6 19.h4 h5 20.Rd2 Bb4 21.Rdd1 Be7 22.Ne2 Nc5
23.Qg3 Nxb3 24.cxb3 Bxc4 25.bxc4 Ne6 26.Qf2 Bc5 27.a5 Bxe3 28.Qxe3 bxa5 29.Qc3 a4
30.Rf1 Rab8 31.Kh1 Rb3 32.Qc1 Qe7 33.Rxa4 Qxh4+ 34.Kg1 Qe7 35.Qa1 Rd2 36.Re1 Rbxb2
37.Kf1 Nd4 38.Rxa7 Qh4 39.Ra8+  0-1

[Event "21st Troya Open 2013"]
[Site "Canakkale TUR"]
[Date "2013.08.22"]
[Round "7.7"]
[White "Tuncer,Tuna"]
[Black "Duman,A"]
[Result "0-1"]
[WhiteElo "1971"]
[BlackElo "2271"]

1.e4 d6 2.d4 Nf6 3.Nc3 e5 4.dxe5 dxe5 5.Qxd8+ Kxd8 6.Bg5 Be6 7.O-O-O+ Nd7
8.f4 exf4 9.Nf3 h6 10.Bxf4 c6 11.Nd4 Bc5 12.Nxe6+ fxe6 13.e5 Nd5 14.Ne4 Ke7
15.Nxc5 Nxc5 16.Bd2 b5 17.Be2 Nd7 18.Rhe1 Rhf8 19.Bg4 a5 20.b3 N7b6 21.Re4 b4
22.Kb2 c5 23.a3 Rac8 24.Be2 Rf2 25.Bf3 c4 26.Be1 bxa3+ 27.Kxa3 Rxc2 28.Rg4 g5
29.Bxd5 Nxd5 30.Rxc4 R2xc4 31.bxc4 Ne3 32.Rc1 Rxc4 33.Rxc4 Nxc4+ 34.Kb3 Nxe5
35.Bxa5 Kf6 36.Kc2 Ng4 37.Bc3+ Kf5 38.Bg7 Kg6 39.Bf8 Ne3+ 40.Kd3 Nxg2 41.Ke4 Nh4
42.h3 Nf5 43.Ke5 Kf7 44.Bb4 Ne7 45.Bc3 Ng6+ 46.Ke4 h5 47.Bb2 h4 48.Bc1 Kf6
49.Bb2+ e5 50.Bc3 Ke6 51.Bb2 Kf6 52.Bc3 Ke6 53.Bb2 Nf4 54.Bxe5 Nxh3 55.Bb8 Nf2+
56.Kf3 Nd3 57.Kg4 Ne5+ 58.Kh3 Kf5 59.Bc7 Ng6 60.Bd8 Nf4+ 61.Kh2 Ne6 62.Be7 Kg4
63.Bf6 Kh5 64.Be7 g4 65.Bd6 Ng5 66.Kg2 h3+ 67.Kh2 Ne4 68.Be7 Kg6 69.Bd8 Kf5
70.Bc7 Ke6 71.Bf4 Kd5 72.Bc7 Kd4 73.Bb6+ Kd3 74.Bc7 Ke2 75.Bb8 Kf3 76.Bc7 Nd2
77.Bb8 Nf1+ 78.Kg1 g3 79.Kh1 g2+ 80.Kg1  0-1

[Event "21st Troya Open 2013"]
[Site "Canakkale TUR"]
[Date "2013.08.22"]
[Round "7.4"]
[White "Gholami,A"]
[Black "Odeev,H"]
[Result "1/2-1/2"]
[WhiteElo "2163"]
[BlackElo "2408"]

1.e4 d6 2.d4 Nf6 3.Nc3 e5 4.dxe5 dxe5 5.Qxd8+ Kxd8 6.Bg5 Be6 7.O-O-O+ Nd7
8.Bh4 Kc8 9.Bd3 h6 10.f3 Bc5 11.Nge2 c6 12.Be1 Be3+ 13.Bd2 Bxd2+ 14.Rxd2 Kc7
15.g3 b5 16.f4 Bg4 17.Rf1 Rhe8 18.Ng1 b4 19.Na4 exf4 20.h3 Bh5 21.gxf4 Bg6
22.e5 Bxd3 23.Rxd3 Nd5 24.c4 bxc3 25.Nxc3 Nxc3 26.Rxc3 f6 27.Nf3 fxe5 28.fxe5 Nxe5
29.Nxe5 Rxe5 30.Rf7+ Kb6 31.Rb3+  1/2-1/2

[Event "18th Vienna Open 2013"]
[Site "Vienna AUT"]
[Date "2013.08.22"]
[Round "6.20"]
[White "Shengelia,D"]
[Black "Vitouch,A"]
[Result "1-0"]
[WhiteElo "2565"]
[BlackElo "2282"]

1.d4 d6 2.e4 Nf6 3.Nc3 e5 4.Nf3 Nbd7 5.Bc4 Be7 6.O-O O-O 7.Re1 c6 8.a4 b6
9.d5 cxd5 10.Nxd5 Bb7 11.Nxe7+ Qxe7 12.Bg5 h6 13.Bh4 g5 14.Nxg5 hxg5 15.Bxg5 Kg7
16.Ra3 Rg8 17.Rf3 Kf8 18.h4 Rc8 19.Bb3 Rg6 20.Ree3 Ke8 21.Rf5 Nc5 22.Bd5 Ncxe4
23.Bxe4 Bxe4 24.Rxf6 Rxf6 25.Rxe4 Qb7 26.Bxf6 Qxe4 27.Qxd6 Qb7 28.Qxe5+ Kf8
29.Qd6+ Ke8 30.h5  1-0

[Event "18th Vienna Open 2013"]
[Site "Vienna AUT"]
[Date "2013.08.22"]
[Round "6.3"]
[White "Kim,Alex"]
[Black "Kostic,VG"]
[Result "1-0"]
[WhiteElo "2477"]
[BlackElo "2430"]

1.e4 d6 2.d4 Nf6 3.Nc3 e5 4.Nf3 exd4 5.Nxd4 Be7 6.g3 O-O 7.Bg2 Re8 8.O-O c6
9.b3 a5 10.Bb2 Qb6 11.Na4 Qa7 12.c4 Na6 13.Nc2 Bd7 14.Qd2 Nc5 15.Nxc5 Qxc5
16.Ba3 Qh5 17.Bxd6 Bxd6 18.Qxd6 Bh3 19.Bxh3 Qxh3 20.f3 Rad8 21.Qf4 Nh5 22.Qf5 Qxf5
23.exf5 Re2 24.Rad1 Rxd1 25.Rxd1 Kf8 26.Ne1 Rxa2 27.Rd8+ Ke7 28.Rb8 Nf6 29.Rxb7+ Nd7
30.Nd3 Ke8 31.f4 f6 32.g4 Rd2 33.Nf2 Rd4 34.Rc7 a4 35.bxa4 Rxc4 36.Rc8+ Ke7
37.a5 c5 38.a6 Ra4 39.Rc6 Kd8 40.Rd6 Kc7 41.Re6 Kd8 42.Ne4 Nf8 43.Rb6 Nd7
44.Rb7 Rxe4 45.a7 Ra4 46.Rb8+ Kc7 47.a8=Q Rxa8 48.Rxa8  1-0

[Event "3rd Isthmia Open"]
[Site "Vrachati GRE"]
[Date "2013.08.22"]
[Round "6.8"]
[White "Karpatchev,A"]
[Black "Cherednichenko,S"]
[Result "1-0"]
[WhiteElo "2475"]
[BlackElo "2283"]

1.e4 d6 2.d4 Nf6 3.Nc3 e5 4.Nf3 Nbd7 5.Bc4 Be7 6.O-O O-O 7.Re1 c6 8.a4 a5
9.h3 h6 10.Be3 Re8 11.Qd2 Bf8 12.Rad1 Qc7 13.Ba2 Nb6 14.Qe2 Be6 15.Bxe6 Rxe6
16.d5 Ree8 17.b3 Rac8 18.Rd3 Nbxd5 19.exd5 e4 20.Rd2 exf3 21.Qxf3 Re5 22.Red1 Qe7
23.dxc6 bxc6 24.Rxd6 Qxd6 25.Rxd6 Bxd6 26.g3 Bb4 27.Ne2 Rce8 28.Nd4 Bc5 29.Qxc6 Ne4
30.Kg2 Ba7 31.Qc7 R8e7 32.Qc8+ Re8 33.Qa6 Bc5 34.Qc6 Ba7 35.Qb7 R5e7 36.Qa6 Rd7
37.Qb5 Nf6 38.c3 Rd5 39.Qa6 Bc5 40.Qb7 Rd7 41.Qc6 Ba7 42.Qa6 Nd5 43.Bd2 Nxc3
44.Qc6 Red8 45.Bxc3 Bxd4 46.Bxa5 Rd6 47.Qc4 R8d7 48.Bc3 Ba7 49.b4 Re7 50.b5 Rde6
51.a5 Rg6 52.Bd4 Kh7 53.b6 Bb8 54.a6 Rge6 55.a7 Bxa7 56.bxa7 Re8 57.Qc7 Rf8
58.Qb8 Ree8 59.Be5  1-0

[Event "12th Lichtenberger Sommer"]
[Site "Berlin GER"]
[Date "2013.08.23"]
[Round "7.31"]
[White "Bernasconi,R"]
[Black "Hermannsdoerfer,F"]
[Result "0-1"]
[WhiteElo "1931"]
[BlackElo "2228"]

1.e4 d6 2.d4 Nf6 3.Nc3 e5 4.Nf3 Nbd7 5.Be2 Be7 6.O-O O-O 7.Re1 a6 8.a4 b6
9.Bf1 Bb7 10.g3 c6 11.Bg2 b5 12.a5 Re8 13.Nh4 g6 14.h3 Nh5 15.Nf3 b4 16.Nb1 exd4
17.Nxd4 c5 18.Nf5 Ne5 19.Nxe7+ Qxe7 20.b3 d5 21.g4 Ng7 22.f4 Nc6 23.Bb2 Nd4
24.e5 Nge6 25.Rf1 Qh4 26.Qd2 Rad8 27.Qf2 Qxf2+ 28.Rxf2 Rc8 29.Ra2 Rc7 30.Bc1 c4
31.bxc4 dxc4 32.Be3 Bxg2 33.Kxg2 b3 34.cxb3 cxb3 35.Ra4 Nc2 36.Bd2 Rd8 37.f5 Ned4
38.fxg6 hxg6 39.Rf6 Ne6 40.h4 Rcd7 41.Rf2 Nc5 42.Rc4 Nd3 43.e6 fxe6 44.Rf6 Ne5
45.Rcf4 Rxd2+ 46.Nxd2 Rxd2+ 47.Kg3 Rd3+ 48.Kh2 Rd4 49.Kg3 Rxf4 50.Rxf4 Nd3  0-1

[Event "21st Troya Open 2013"]
[Site "Canakkale TUR"]
[Date "2013.08.23"]
[Round "8.5"]
[White "Laabi Chian,M"]
[Black "Duman,A"]
[Result "0-1"]
[WhiteElo "2107"]
[BlackElo "2271"]

1.d4 d6 2.e4 Nf6 3.Nc3 e5 4.Nf3 Nbd7 5.Be2 Be7 6.O-O c6 7.h3 b5 8.a3 Bb7
9.Re1 a5 10.Bd3 O-O 11.Ne2 d5 12.dxe5 Nxe4 13.c3 f6 14.exf6 Rxf6 15.Ng3 Nxg3
16.fxg3 Bd6 17.Bg5 Qb6+ 18.Nd4 c5 19.Bxf6 Nxf6 20.Nf5 c4+ 21.Kh1 cxd3 22.Re6 Ne4
23.Rxe4 dxe4 24.Qg4 Be5 25.Rf1 Kh8 26.Ne7 Bf6 27.Qd7 Rd8 28.Rxf6 gxf6  0-1

[Event "9th BDO Challenger"]
[Site "Haarlem NED"]
[Date "2013.08.23"]
[Round "7.1"]
[White "Kuijf,R"]
[Black "Meng,R"]
[Result "0-1"]
[WhiteElo "2422"]
[BlackElo "2307"]

1.e4 d6 2.d4 Nf6 3.Nc3 e5 4.Nge2 Nbd7 5.Be3 c6 6.h3 b5 7.a3 h5 8.g3 Be7 9.Bg2 a5
10.O-O Ba6 11.b3 O-O 12.f4 Qc7 13.Rf2 Rfe8 14.Nb1 b4 15.Nd2 Bf8 16.c4 bxc3
17.Nxc3 Rab8 18.fxe5 dxe5 19.d5 Nc5 20.Rb1 Qd6 21.dxc6 Qxc6 22.Nd5 Nxd5 23.exd5 Qg6
24.Kh2 Nd3 25.Rf1 e4 26.Nc4 Bxc4 27.bxc4 Rxb1 28.Qxb1 Bd6 29.Bf4 h4 30.Kh1 Bxf4
31.gxf4 e3 32.f5 Nf2+ 33.Rxf2 exf2 34.fxg6 Re1+ 35.Bf1 Rxb1 36.Kg2 fxg6 37.Kxf2 Kf8
38.Bd3 Rb3 39.Ke3 Rxa3 40.c5 Ke7 41.Kd4 Rxd3+ 42.Kxd3 a4 43.Kc4 a3 44.Kb3 g5  0-1

[Event "18th Konik Morski"]
[Site "Rewal POL"]
[Date "2013.08.23"]
[Round "4.11"]
[White "Tokarski,L"]
[Black "Wozniak,Mari"]
[Result "1-0"]
[WhiteElo "2270"]
[BlackElo "2028"]

1.e4 d6 2.d4 Nf6 3.Nc3 Nbd7 4.g4 h6 5.g5 hxg5 6.Bxg5 a6 7.Bg2 g6 8.f4 Bg7
9.Nf3 Rb8 10.Qe2 Nh5 11.e5 Nb6 12.O-O-O d5 13.Nh4 Nxf4 14.Bxf4 Rxh4 15.Bg5 Rh5
16.h4 Bf5 17.Rdf1 Qd7 18.Rxf5 Qxf5 19.Bh3 Rxh4 20.Bxf5  1-0

[Event "12th Lichtenberger Sommer"]
[Site "Berlin GER"]
[Date "2013.08.24"]
[Round "8.14"]
[White "Kropman,A"]
[Black "Cusnariov,N"]
[Result "1-0"]
[WhiteElo "2085"]
[BlackElo "2154"]

1.e4 d6 2.d4 Nf6 3.Nc3 c6 4.f4 Qa5 5.Bd3 e5 6.dxe5 dxe5 7.Nf3 exf4 8.Bxf4 Be6
9.Qe2 Bb4 10.O-O Nbd7 11.Nd1 Qh5 12.c3 Bc5+ 13.Kh1 O-O 14.Qc2 h6 15.b4 Be7
16.Ne3 g5 17.Bg3 Ng4 18.Nxg4 Bxg4 19.Nd4 Qg6 20.e5 Qg7 21.Bf5 Nxe5 22.Bxe5 Qxe5
23.Bxg4  1-0

[Event "12th Lichtenberger Sommer"]
[Site "Berlin GER"]
[Date "2013.08.24"]
[Round "8.23"]
[White "Becker,Ja"]
[Black "Hermannsdoerfer,F"]
[Result "0-1"]
[WhiteElo "2038"]
[BlackElo "2228"]

1.e4 d6 2.d4 Nf6 3.Nc3 c6 4.g3 e5 5.Bg2 b5 6.Nge2 Be7 7.O-O O-O 8.h3 Re8
9.Bg5 Nbd7 10.Qd2 Bb7 11.Rad1 a6 12.Be3 Bf8 13.Bg5 h6 14.dxe5 Nxe5 15.Bf4 Nc4
16.Qc1 b4 17.Rd4 bxc3 18.Rxc4 d5 19.Rxc3 Nxe4 20.Rd3 a5 21.Rdd1 Ba6 22.Rfe1 Bc5
23.Be3 Bxe3 24.Qxe3 Nxg3 25.Qxg3 Bxe2 26.Rd2 Bb5 27.Red1 Qf6 28.b3 Re5 29.c4 Rg5
30.Qd3 dxc4 31.bxc4 Ba6 32.Kh1 Rc5 33.Rc1 Re8 34.Qd7 Rce5 35.Bxc6 Bc8 36.Qc7 R5e7
37.Qxa5 Qxc6+  0-1

[Event "3rd Budapest Open"]
[Site "Budapest HUN"]
[Date "2013.08.24"]
[Round "8.13"]
[White "Furedi,Erik"]
[Black "Yip,M"]
[Result "1-0"]
[WhiteElo "1927"]
[BlackElo "2023"]

1.e4 d6 2.d4 Nf6 3.Nc3 e5 4.Nf3 Nbd7 5.Bc4 Be7 6.Bxf7+ Kxf7 7.Ng5+ Kg8 8.Ne6 Qe8
9.Nxc7 Qg6 10.Nxa8 Qxg2 11.Rf1 exd4 12.Ne2 Ne5 13.Nxd4 Bg4 14.f3 Nxf3+ 15.Nxf3 Nxe4
16.Qd5+  1-0

[Event "3rd Budapest Open"]
[Site "Budapest HUN"]
[Date "2013.08.24"]
[Round "8.16"]
[White "Kovacsy,Barnabas"]
[Black "Foldi,M"]
[Result "1/2-1/2"]
[WhiteElo "1508"]
[BlackElo "1783"]

1.e4 d6 2.d4 Nf6 3.Nc3 e5 4.dxe5 dxe5 5.Qxd8+ Kxd8 6.f3 Be6 7.Be3 Nbd7 8.O-O-O Bd6
9.h3 a6 10.g4 b5 11.Kb1 b4 12.Nce2 Ke7 13.Bg2 a5 14.Ng3 h6 15.N1e2 a4 16.Nc1 Ra5
17.Bf1 c5 18.Rh2 Nb6 19.Rhd2 Bc7 20.b3 Rha8 21.Nd3 Nfd7 22.f4 axb3 23.cxb3 Bxb3
24.axb3 Ra1+ 25.Kc2 R8a2+ 26.Nb2 Rxd1 27.Rxd1 exf4 28.Nf5+ Kf6 29.Bc1 Be5
30.Kb1 Ra3 31.Kc2 Ra2 32.Bb5 Nf8 33.Kb1 Ra3 34.Kc2 Ra2 35.Kb1  1/2-1/2